[Event "Sparkassen-Open J"]
[Site "Heusenstamm, Martinsee"]
[Date "2019.11.23"]
[Round "4.4"]
[White "Riemann, Adrian"]
[Black "Akhmatovski, Maxim"]
[Result "1/2-1/2"]
[WhiteElo "1307"]
[BlackElo "1359"]
[PlyCount "83"]
[EventDate "2019.??.??"]
[WhiteTeam "SK Bickenbach"]
[BlackTeam "SV Oberursel"]

1. d4 d5 2. c3 e6 3. e3 Nf6 4. Nd2 Bd6 5. Bd3 O-O 6. f4 c5 7. Ngf3 Nc6 8. Ne5
Nd7 9. O-O Qb6 10. Ndf3 cxd4 11. exd4 Ndxe5 12. Nxe5 Nxe5 13. fxe5 Bxe5 14.
Bxh7+ Kxh7 15. Qh5+ Kg8 16. Qxe5 f6 17. Qe3 e5 18. dxe5 Qxe3+ 19. Bxe3 fxe5 20.
Rxf8+ Kxf8 21. Bc5+ Kg8 22. Re1 e4 23. Kf2 Be6 24. c4 b6 25. cxd5 Bxd5 26. Bd4
Re8 27. a3 Kf7 28. Ke3 Kg6 29. Rf1 Rh8 30. h3 Rc8 31. Rf4 Rc7 32. Rg4+ Kh6 33.
Rh4+ Kg6 34. Rg4+ Kh6 35. Rf4 Re7 36. Rf5 Bc4 37. g4 Bd3 38. h4 Rc7 39. Bc3 Rd7
40. Re5 Rf7 41. Re6+ Kh7 42. h5 1/2-1/2

[Event "Sparkassen-Open J"]
[Site "Heusenstamm, Martinsee"]
[Date "2019.11.23"]
[Round "4.5"]
[White "Schmidt, Moritz"]
[Black "Gräßer, Malte"]
[Result "0-1"]
[WhiteElo "1095"]
[BlackElo "1210"]
[PlyCount "92"]
[EventDate "2019.??.??"]
[WhiteTeam "SVG Plettenberg"]
[BlackTeam "SF Heidesheim"]

1. e4 e6 2. d4 d5 3. exd5 exd5 4. Bd3 Bd6 5. Nc3 Nf6 6. Bg5 Be7 7. Nf3 h6 8.
Bf4 Nc6 9. O-O O-O 10. h3 Bd6 11. Bxd6 Qxd6 12. Re1 Bd7 13. Qd2 Rfe8 14. Nb5
Qf8 15. Rxe8 Nxe8 16. Re1 Rc8 17. c3 Nd6 18. Nxd6 Qxd6 19. Bc2 Qf6 20. Qd3 g6
21. Bb3 Be6 22. Qb5 Qd8 23. Qxb7 Ne7 24. Qxa7 Ra8 25. Qc5 c6 26. a4 Rb8 27. Qa3
Qc7 28. Bc2 Qb7 29. Bd1 Nf5 30. b3 Kg7 31. Qc1 Qc7 32. Be2 Rxb3 33. c4 Rb4 34.
cxd5 Bxd5 35. Bd1 Nxd4 36. Nxd4 Rxd4 37. Qc3 Qb6 38. Re8 Kh7 39. Qc2 Qb4 40.
Bh5 Be4 41. Qe2 gxh5 42. Qxh5 Qe1+ 43. Kh2 Qxf2 44. Qg4 Bg6 45. Qg3 Qxg3+ 46.
Kxg3 Rxa4 0-1

[Event "Sparkassen-Open J"]
[Site "Heusenstamm, Martinsee"]
[Date "2019.11.23"]
[Round "4.6"]
[White "Gossen, Michael"]
[Black "Kürschner, Liam"]
[Result "0-1"]
[WhiteElo "1072"]
[BlackElo "1423"]
[PlyCount "78"]
[EventDate "2019.??.??"]
[WhiteTeam "TuS Makkabi Wiesbaden"]
[BlackTeam "SK Langen"]

1. e4 c5 2. Nf3 g6 3. Nc3 Bg7 4. Bc4 Nc6 5. O-O e6 6. a3 Nge7 7. d3 d5 8. exd5
Nxd5 9. Nxd5 exd5 10. Re1+ Be6 11. Bb5 h6 12. c3 O-O 13. d4 cxd4 14. cxd4 Qb6
15. Bxc6 bxc6 16. b4 a5 17. Be3 axb4 18. axb4 Rxa1 19. Qxa1 Qxb4 20. Bd2 Qd6
21. Qb1 Rb8 22. Qc1 g5 23. h4 f6 24. hxg5 hxg5 25. Re2 Bf5 26. Be3 Rb1 27. Qxb1
Bxb1 28. Rb2 Be4 29. Nh2 Qa3 30. Rb8+ Kh7 31. Ng4 f5 32. Ne5 Bxe5 33. dxe5 Qa1+
34. Kh2 Qxe5+ 35. g3 Qxb8 36. Bxg5 Qb1 37. g4 Qh1+ 38. Kg3 Qf3+ 39. Kh4 Qxg4#
0-1

[Event "Sparkassen-Open J"]
[Site "Heusenstamm, Martinsee"]
[Date "2019.11.23"]
[Round "4.7"]
[White "Grebe, Sabrina"]
[Black "Negru, Maximilian"]
[Result "0-1"]
[WhiteElo "1030"]
[BlackElo "1323"]
[PlyCount "122"]
[EventDate "2019.??.??"]
[WhiteTeam "SC Heusenstamm"]
[BlackTeam "SK Bad Homburg"]

1. e4 e5 2. Nf3 Nc6 3. d4 exd4 4. Bc4 Nf6 5. Nxd4 d5 6. exd5 Nxd5 7. Nf3 Be6 8.
Bxd5 Bxd5 9. Nc3 Be6 10. Bf4 Bd6 11. Bxd6 cxd6 12. O-O O-O 13. Nb5 Bg4 14. Qxd6
Bxf3 15. Qxd8 Raxd8 16. gxf3 Rd5 17. Nc3 Rg5+ 18. Kh1 Nd4 19. Ne4 Rg6 20. Ng3
Nxf3 21. Rad1 h6 22. Rd7 Rb8 23. Rfd1 Rc6 24. c3 Rb6 25. Rd8+ Rxd8 26. Rxd8+
Kh7 27. Kg2 Ne1+ 28. Kf1 Nc2 29. b3 Rc6 30. Rd7 Rxc3 31. Rxb7 a5 32. Rxf7 Nb4
33. Ra7 Rc5 34. a4 Nc6 35. Rc7 Kg6 36. Ne4 Rc1+ 37. Kg2 Kf5 38. Ng3+ Kf6 39.
Ne2 Rc2 40. Ng3 Nd4 41. Rc4 Ke5 42. Nf1 Rxc4 43. bxc4 Nb3 44. Ne3 Nc5 45. Kg3
Nxa4 46. f4+ Ke4 47. Ng4 Nc5 48. Nf2+ Kf5 49. Nd1 a4 50. Nc3 a3 51. Kf3 Na4 52.
Nxa4 a2 53. Nc3 a1=Q 54. Ne2 Qa3+ 55. Kf2 Ke4 56. h3 Qf3+ 57. Ke1 Ke3 58. Kd1
Qxe2+ 59. Kc1 Kd3 60. Kb1 Kc3 61. Ka1 Qb2# 0-1

[Event "Sparkassen-Open J"]
[Site "Heusenstamm, Martinsee"]
[Date "2019.11.23"]
[Round "4.8"]
[White "Kanno, Clara Yumi"]
[Black "Carls, Bela"]
[Result "1-0"]
[WhiteElo "1142"]
[BlackElo "1016"]
[PlyCount "56"]
[EventDate "2019.??.??"]
[WhiteTeam "SK Altenkirchen"]
[BlackTeam "Frankfurter TV"]

1. e4 c5 2. Nf3 d6 3. d4 Nc6 4. c4 cxd4 5. Nxd4 e5 6. Nb3 Nf6 7. Nc3 Be7 8. Bd3
O-O 9. Be3 Be6 10. O-O h6 11. Qe2 Nb4 12. Rad1 Rc8 13. Nd5 a5 14. a3 Nbxd5 15.
cxd5 Bg4 16. f3 Bh5 17. Rc1 Rxc1 18. Rxc1 a4 19. Nd2 Qa8 20. Qd1 Bd8 21. Bb5
Ba5 22. Bxa4 Rc8 23. Bb5 Bxd2 24. Qxd2 Rxc1+ 25. Qxc1 Qa5 26. Bf1 Kh7 27. Qc2
Qe1 28. Bf2 b5 1-0

[Event "Sparkassen-Open J"]
[Site "Heusenstamm, Martinsee"]
[Date "2019.11.23"]
[Round "4.9"]
[White "Müller, Riyanna"]
[Black "Jumah, Shayan"]
[Result "1-0"]
[WhiteElo "1024"]
[BlackElo "1249"]
[PlyCount "109"]
[EventDate "2019.??.??"]
[WhiteTeam "SC Landskrone"]
[BlackTeam "SG Trier"]

1. e4 e6 2. Nf3 d5 3. exd5 exd5 4. d4 Bg4 5. h3 Bh5 6. g4 Bg6 7. Nc3 Bb4 8. Bd2
Nf6 9. Qe2+ Qe7 10. Qxe7+ Bxe7 11. O-O-O Nc6 12. g5 Ne4 13. Nxd5 O-O-O 14.
Nxe7+ Nxe7 15. Be3 Nd5 16. Ne5 Nxe3 17. Nxg6 hxg6 18. Re1 Nxf2 19. Rh2 Nxf1 20.
Rxf2 Ng3 21. Rxf7 Rh5 22. Ree7 Rxd4 23. Rxc7+ Kd8 24. b3 Nf5 25. Rxb7 Ke8 26.
Rxa7 Re4 27. a4 Re7 28. Rfxe7+ Nxe7 29. a5 Rxg5 30. a6 Ra5 31. b4 Ra4 32. b5
Kd8 33. b6 Nc6 34. Rc7 Nb8 35. a7 Nd7 36. Rxd7+ Kxd7 37. b7 Rxa7 38. b8=Q Rc7
39. Qh8 Kc6 40. Qh7 Kb5 41. Qxg6 Rc6 42. Qxg7 Kb4 43. Qb7+ Kc5 44. Qxc6+ Kxc6
45. h4 Kd6 46. c4 Ke6 47. h5 Kf6 48. c5 Kg5 49. c6 Kxh5 50. c7 Kg5 51. c8=Q Kf4
52. Qe8 Kf5 53. Kd2 Kf6 54. Kd3 Kf5 55. Kd4 1-0

[Event "Sparkassen-Open J"]
[Site "Heusenstamm, Martinsee"]
[Date "2019.11.23"]
[Round "4.10"]
[White "Strauß, Florian"]
[Black "Henrich, Leonard"]
[Result "1-0"]
[WhiteElo "1231"]
[BlackElo "1006"]
[PlyCount "81"]
[EventDate "2019.??.??"]
[WhiteTeam "SV Multatuli Ingelheim e.V."]
[BlackTeam "MS Halver-Schalksmühle"]

1. e4 e5 2. Nf3 Nc6 3. Bc4 Bc5 4. c3 Nf6 5. d4 exd4 6. cxd4 Bb4+ 7. Nc3 Bxc3+
8. bxc3 Nxe4 9. Qe2 d5 10. Bd3 O-O 11. Bxe4 dxe4 12. Nd2 Bf5 13. Nxe4 Bxe4 14.
Qg4 Re8 15. O-O Bd3 16. Bh6 g6 17. Rfe1 Bf5 18. Rxe8+ Qxe8 19. Qh4 Qe6 20. Rd1
Re8 21. f3 Bd3 22. Rxd3 Qxa2 23. h3 Qe6 24. d5 Qe1+ 25. Qxe1 Rxe1+ 26. Kf2 Rb1
27. dxc6 Rb2+ 28. Kg3 f5 29. Rd8+ Kf7 30. Rd7+ Ke6 31. Rxc7 Kd6 32. Bf4+ Kd5
33. Rxb7 Rxb7 34. cxb7 a5 35. b8=Q Kc4 36. Qc7+ Kb3 37. Qxa5 Kc2 38. c4 Kd3 39.
c5 Ke2 40. Qd2+ Kf1 41. Qf2# 1-0

[Event "Sparkassen-Open J"]
[Site "Heusenstamm, Martinsee"]
[Date "2019.11.23"]
[Round "4.11"]
[White "von Knorre, Christoph"]
[Black "Yue, Qihang"]
[Result "0-1"]
[WhiteElo "1011"]
[BlackElo "1376"]
[PlyCount "32"]
[EventDate "2019.??.??"]
[WhiteTeam "VSG Offenbach"]
[BlackTeam "SV Multatuli Ingelheim e.V."]

1. e4 e5 2. Nf3 Nc6 3. Bc4 Bc5 4. c3 Nf6 5. d4 exd4 6. e5 Ne4 7. Bd3 d5 8. exd6
Nxd6 9. Bg5 f6 10. Bf4 O-O 11. Bxd6 Qxd6 12. Bc4+ Be6 13. Be2 Rfe8 14. O-O Rad8
15. Bd3 dxc3 16. Ne1 cxb2 0-1

[Event "Sparkassen-Open J"]
[Site "Heusenstamm, Martinsee"]
[Date "2019.11.23"]
[Round "4.12"]
[White "Richter, Johanna"]
[Black "Guo, Felix"]
[Result "1-0"]
[WhiteElo "1002"]
[BlackElo "1045"]
[PlyCount "121"]
[EventDate "2019.??.??"]
[WhiteTeam "SF Heidesheim"]
[BlackTeam "SK Mannheim-Lindenhof"]

1. d4 Nf6 2. Nf3 d5 3. Bf4 Nc6 4. e3 Bf5 5. Bd3 Bg6 6. c3 e6 7. Qc2 Ne4 8. Nbd2
Nxd2 9. Qxd2 a5 10. a4 Nb4 11. Bxg6 hxg6 12. O-O Nc6 13. g3 Bd6 14. Bxd6 Qxd6
15. Rfb1 e5 16. Qe2 e4 17. Nd2 Qe6 18. Qf1 Qg4 19. Qg2 Ne7 20. b4 Nf5 21. Qf1
Nh4 22. Qb5+ c6 23. Qf1 Nf3+ 24. Nxf3 exf3 25. Re1 Qh5 26. h4 g5 27. Qh3 gxh4
28. e4 Qg6 29. exd5+ Kf8 30. dxc6 Qxc6 31. Re3 Kg8 32. b5 Qf6 33. Rae1 Qh6 34.
Re8+ Rxe8 35. Rxe8+ Kh7 36. Rxh8+ Kxh8 37. Qxh4 Qxh4 38. gxh4 Kg8 39. Kh2 Kf8
40. Kg3 Ke7 41. Kxf3 Kd6 42. Ke4 Ke6 43. c4 f5+ 44. Kf4 b6 45. c5 bxc5 46. dxc5
Kd7 47. Kxf5 Kc7 48. Kg6 Kb7 49. Kxg7 Kc7 50. h5 Kd7 51. h6 Kc7 52. h7 Kd7 53.
h8=Q Kc7 54. Qe8 Kb7 55. Qc6+ Kb8 56. Kf7 Ka7 57. Ke7 Kb8 58. Kd7 Ka7 59. Qd6
Ka8 60. Kc8 Ka7 61. Qb8# 1-0

[Event "Sparkassen-Open J"]
[Site "Heusenstamm, Martinsee"]
[Date "2019.11.23"]
[Round "4.13"]
[White "Stiehl, Richard"]
[Black "Jelinek, Tim"]
[Result "0-1"]
[WhiteElo "1205"]
[BlackElo "1224"]
[PlyCount "86"]
[EventDate "2019.??.??"]
[WhiteTeam "SV Multatuli Ingelheim e.V."]
[BlackTeam "SC Kahl"]

1. e4 e5 2. Nf3 Nc6 3. Bc4 Bc5 4. d3 d6 5. h3 f6 6. c3 f5 7. Nbd2 Nf6 8. Nb3
Bb6 9. Bg5 Qe7 10. d4 exd4 11. cxd4 fxe4 12. Bxf6 Qxf6 13. Qe2 Bf5 14. Nfd2
O-O-O 15. Nxe4 Bxe4 16. O-O Bxd4 17. Qxe4 Rde8 18. Qg4+ Kb8 19. Bb5 Ne5 20.
Qxd4 Re7 21. Qc3 h5 22. Rfe1 Qg5 23. Qg3 Qf6 24. Re3 h4 25. Qh2 Rf8 26. f3 a6
27. Bf1 Qg6 28. Rae1 Rxf3 29. Kh1 Rg3 30. Rxg3 hxg3 31. Qg1 Nf3 32. Rxe7 Nxg1
33. Kxg1 Qf6 34. Re2 c5 35. Rd2 c4 36. Bxc4 Qe5 37. Re2 Qf4 38. Bd5 Qf5 39. Be4
Qe5 40. Bf3 Qb5 41. Re7 Qb6+ 42. Kh1 Qf2 43. Rxb7+ Kc8 0-1

[Event "Sparkassen-Open J"]
[Site "Heusenstamm, Martinsee"]
[Date "2019.11.23"]
[Round "4.14"]
[White "Müftahi, Tunay"]
[Black "Himmelspacht, Maxim"]
[Result "0-1"]
[WhiteElo "1002"]
[BlackElo "1189"]
[PlyCount "66"]
[EventDate "2019.??.??"]
[WhiteTeam "SK Gründau"]
[BlackTeam "SK Gießen"]

1. c4 e6 2. Nc3 c5 3. g3 Nf6 4. Bg2 Be7 5. Nf3 Nc6 6. O-O O-O 7. b3 Qc7 8. d4
b6 9. Nb5 Qd8 10. d5 a6 11. d6 axb5 12. dxe7 Qxe7 13. cxb5 Na7 14. a4 d5 15.
Bb2 Bb7 16. Qc2 h6 17. Ne5 d4 18. Nc6 Nxc6 19. bxc6 Ba6 20. Rfe1 Rac8 21. e3
dxe3 22. Rxe3 Rfd8 23. Rf3 Nd5 24. Re1 Rxc6 25. Re4 Rcd6 26. Rg4 e5 27. Qd2 Nf4
28. Bxe5 Rxd2 29. Rxg7+ Kf8 30. h3 Qxe5 31. Rh7 Nxg2 32. Kxg2 R8d7 33. Rxh6 Bb7
0-1

[Event "Sparkassen-Open J"]
[Site "Heusenstamm, Martinsee"]
[Date "2019.11.23"]
[Round "4.15"]
[White "Albrecht, Angelique"]
[Black "Angrick, Otto-Nikolaus"]
[Result "1-0"]
[WhiteElo "1185"]
[BlackElo "974"]
[PlyCount "79"]
[EventDate "2019.??.??"]
[WhiteTeam "SV Multatuli Ingelheim e.V."]
[BlackTeam "MSA Zugzwang"]

1. e4 e5 2. Nf3 Nf6 3. Nc3 Nc6 4. Bc4 Nxe4 5. Nxe4 d5 6. Bb5 dxe4 7. Bxc6+ bxc6
8. Nxe5 Bd6 9. Nxc6 Qf6 10. d4 O-O 11. Be3 Bb7 12. Na5 Ba6 13. Rc1 Bb4+ 14. Bd2
Qxd4 15. c3 Bxc3 16. Bxc3 Qxd1+ 17. Rxd1 Rfe8 18. Bd2 Re5 19. b3 Bc8 20. Nc4
Re8 21. O-O Bg4 22. Rc1 Be2 23. Rfe1 Bxc4 24. Rxc4 Rad8 25. Bb4 h6 26. h3 Rd3
27. Rcxe4 Rxe4 28. Rxe4 a6 29. Rc4 Rd7 30. a4 Kh7 31. Ba5 Rd1+ 32. Kh2 Rd5 33.
Bxc7 f6 34. Kg3 Kg6 35. b4 Kf5 36. Kf3 Ke6 37. Ke4 f5+ 38. Ke3 g5 39. g3 h5 40.
Rc5 1-0

[Event "Sparkassen-Open J"]
[Site "Heusenstamm, Martinsee"]
[Date "2019.11.23"]
[Round "4.16"]
[White "Zhao, Yunsheng"]
[Black "González Peisker, Mateo León"]
[Result "1-0"]
[WhiteElo "1145"]
[BlackElo "970"]
[PlyCount "169"]
[EventDate "2019.??.??"]
[WhiteTeam "SK Langen"]
[BlackTeam "SV Multatuli Ingelheim e.V."]

1. e4 e6 2. d4 d5 3. e5 c5 4. c3 Nc6 5. Nf3 Qb6 6. Be2 Bd7 7. O-O Nge7 8. b3 g6
9. Be3 Bg7 10. dxc5 Qc7 11. c4 Nxe5 12. Bd4 Nxf3+ 13. Bxf3 Bxd4 14. Qxd4 O-O-O
15. cxd5 Bb5 16. Re1 Nxd5 17. a4 Bc6 18. Bxd5 Bxd5 19. Qb2 Kb8 20. b4 Qe7 21.
Nc3 f5 22. Rad1 Bc4 23. Rxd8+ Rxd8 24. h3 g5 25. Nb1 h5 26. Qc2 Bd3 27. Qb2 g4
28. Qe5+ Ka8 29. Nc3 Bc4 30. Rd1 Rxd1+ 31. Nxd1 a6 32. hxg4 hxg4 33. Ne3 Bb3
34. a5 Qd7 35. Qd6 Qg7 36. Qd3 Ba4 37. Qd6 Qf6 38. Nc4 Qa1+ 39. Kh2 Qh8+ 40.
Kg3 Qc3+ 41. Ne3 Qxb4 42. Qxe6 f4+ 43. Kxg4 fxe3+ 44. Kf3 Qxa5 45. Qxe3 Bc6+
46. Kg3 Qc7+ 47. f4 Qg7+ 48. Kh4 Bxg2 49. Qd3 Qe7+ 50. Kg3 Qxc5 51. Kxg2 b5 52.
Qd8+ Kb7 53. Qd7+ Kb6 54. Qd8+ Qc7 55. Qd4+ Kb7 56. Qe4+ Qc6 57. Kf3 b4 58.
Qxc6+ Kxc6 59. Ke4 b3 60. Kd3 Kb5 61. Kc3 Ka4 62. Kb2 Kb4 63. f5 a5 64. f6 a4
65. f7 a3+ 66. Kb1 b2 67. f8=Q+ Kc3 68. Qc5+ Kb3 69. Qb5+ Kc3 70. Qa4 a2+ 71.
Qxa2 Kd3 72. Qxb2 Kc4 73. Qa3 Kb5 74. Qb3+ Kc5 75. Qa4 Kb6 76. Qb4+ Ka6 77. Qc5
Kb7 78. Qd6 Ka8 79. Qd7 Kb8 80. Kb2 Ka8 81. Kb3 Kb8 82. Kb4 Ka8 83. Kb5 Kb8 84.
Kb6 Ka8 85. Qa7# 1-0

[Event "Sparkassen-Open J"]
[Site "Heusenstamm, Martinsee"]
[Date "2019.11.23"]
[Round "4.17"]
[White "Milman, Sophie"]
[Black "Rodermel, Leonie"]
[Result "1/2-1/2"]
[WhiteElo "917"]
[BlackElo "1097"]
[PlyCount "110"]
[EventDate "2019.??.??"]
[WhiteTeam "SC Heusenstamm"]
[BlackTeam "SV Oberursel"]

1. e4 e5 2. Nf3 Nc6 3. Nc3 Nf6 4. Bc4 Bc5 5. d3 h6 6. Be3 Bxe3 7. fxe3 d6 8.
O-O O-O 9. Qe1 Nb4 10. Rc1 Qe7 11. Qg3 Be6 12. Bb3 Bxb3 13. cxb3 Nxd3 14. Rc2
Nc5 15. Nh4 Ncxe4 16. Nxe4 Nxe4 17. Qg4 Nf6 18. Qg3 c6 19. Nf5 Nh5 20. Nxe7+
Kh8 21. Qg4 Nf6 22. Qf5 Rae8 23. Nxc6 bxc6 24. Rxc6 Rd8 25. Rf3 e4 26. Rg3 Rfe8
27. Rc7 Re5 28. Qf4 Ra5 29. a3 Rb5 30. Rxf7 Nh5 31. Qg4 Rg5 32. Qxe4 Nxg3 33.
hxg3 Rxg3 34. Qe7 Rc8 35. Kh2 Rg6 36. Kh3 Rb8 37. b4 Rc8 38. g4 Rc1 39. Qf8+
Kh7 40. Re7 Rg1 41. Re8 R6xg4 42. Qh8+ Kg6 43. Re6+ Kf5 44. Qe8 R1g3+ 45. Kh2
Rg2+ 46. Kh3 R2g3+ 47. Kh2 Rg2+ 48. Kh1 Rg1+ 49. Kh2 R1g2+ 50. Kh3 R2g3+ 51.
Kh2 Rg2+ 52. Kh1 Rg1+ 53. Kh2 R1g2+ 54. Kh1 Rg1+ 55. Kh2 R1g2+ 1/2-1/2

[Event "Sparkassen-Open J"]
[Site "Heusenstamm, Martinsee"]
[Date "2019.11.23"]
[Round "4.18"]
[White "Hott, Arthur"]
[Black "Heller, Roan"]
[Result "0-1"]
[WhiteElo "782"]
[BlackElo "1490"]
[PlyCount "166"]
[EventDate "2019.??.??"]
[WhiteTeam "SC Bad Soden"]
[BlackTeam "TuS Dotzheim"]

1. e4 e5 2. Nf3 Nc6 3. Bc4 Nf6 4. Nc3 Bc5 5. d3 h6 6. Bd2 d6 7. h3 Qe7 8. Qe2
Be6 9. Bb5 a6 10. O-O-O axb5 11. Rde1 O-O 12. g3 Nb4 13. a3 Na2+ 14. Kb1 Nxc3+
15. Bxc3 Ra6 16. d4 Bxa3 17. bxa3 Bc4 18. Qd1 Rxa3 19. Bb4 Ra2 20. Nd2 exd4 21.
Nxc4 Ra4 22. Ba3 bxc4 23. Bc1 Rfa8 24. Qxd4 Qe5 25. Qxe5 dxe5 26. Bb2 b5 27. c3
Nd7 28. Kc2 Nc5 29. f4 f6 30. f5 Nd3 31. Rb1 Nf2 32. Rh2 Nxe4 33. g4 Nc5 34.
Rhh1 Nd3 35. Kd2 Ra2 36. Kc2 Kf8 37. Rh2 Ke7 38. Rd2 Kd6 39. Kd1 Kd5 40. Ke2 e4
41. Ke3 Ke5 42. Rc2 Rd8 43. Rd2 Rd6 44. h4 Nxb2 45. Rdxb2 Rxb2 46. Rxb2 Rd3+
47. Kf2 Kf4 48. Rxb5 e3+ 49. Ke1 Rd2 50. Rc5 Kf3 51. Rxc4 Ra2 52. Rd4 e2 53.
Rd3+ Ke4 54. Rd4+ Kf3 55. Rd3+ Kg2 56. Re3 Rb2 57. Rxe2+ Rxe2+ 58. Kxe2 Kg3 59.
Ke3 Kxg4 60. Kd4 Kxf5 61. Kd5 g5 62. hxg5 fxg5 63. c4 g4 64. c5 g3 65. Kc6 g2
66. Kxc7 g1=Q 67. c6 Qc5 68. Kd7 Qxc6+ 69. Kxc6 h5 70. Kd6 h4 71. Kd5 h3 72.
Kd6 h2 73. Kd5 h1=Q+ 74. Kd4 Qe1 75. Kd3 Ke5 76. Kc4 Qd2 77. Kc5 Qd5+ 78. Kb4
Qc6 79. Kb3 Kd4 80. Kb4 Qc4+ 81. Ka3 Qb5 82. Ka2 Kc3 83. Ka1 Qb2# 0-1

[Event "Sparkassen-Open J"]
[Site "Heusenstamm, Martinsee"]
[Date "2019.11.23"]
[Round "4.19"]
[White "Ilievski, Kiril"]
[Black "Akcapinar, Timur"]
[Result "1-0"]
[WhiteElo "753"]
[BlackElo "1106"]
[PlyCount "97"]
[EventDate "2019.??.??"]
[WhiteTeam "SC Groß-Zimmern"]
[BlackTeam "SF Essen-Werden"]

1. d4 d6 2. Nf3 Nf6 3. e3 g6 4. Bb5+ Bd7 5. Bxd7+ Qxd7 6. Nbd2 Bg7 7. h3 O-O 8.
O-O Nc6 9. b3 Rfc8 10. Bb2 b5 11. Qe2 Rab8 12. Rab1 a5 13. a4 bxa4 14. bxa4 Rb7
15. Nc4 Rcb8 16. Qd2 d5 17. Nxa5 Nxa5 18. Qxa5 Rxb2 19. Rxb2 Rxb2 20. Ne5 Qd6
21. Qa8+ Bf8 22. a5 Rxc2 23. a6 Ra2 24. a7 Qb6 25. Nc6 Ne4 26. g3 Nd2 27. Rd1
Ne4 28. Nxe7+ Kg7 29. Nc8 Qa6 30. Qxd5 Qf6 31. f4 Nxg3 32. Qxa2 Qh4 33. a8=Q
Qxh3 34. Q8g2 Qxg2+ 35. Kxg2 Ne4 36. Qd5 Nf6 37. Qc6 Ng4 38. Kf3 Nh2+ 39. Kg3
Ng4 40. Kxg4 h5+ 41. Kg5 Kh7 42. Qf6 Bh6+ 43. Kh4 c5 44. dxc5 g5+ 45. fxg5
Bxg5+ 46. Kxg5 h4 47. Kxh4 Kg8 48. Rd8+ Kh7 49. Rh8# 1-0

[Event "Sparkassen-Open J"]
[Site "Heusenstamm, Martinsee"]
[Date "2019.11.23"]
[Round "4.20"]
[White "Müller, Mirelle-Fabienne"]
[Black "Czinkota, Michael"]
[Result "0-1"]
[WhiteElo "847"]
[BlackElo "1604"]
[PlyCount "66"]
[EventDate "2019.??.??"]
[WhiteTeam "SC Landskrone"]
[BlackTeam "SC Bad Soden"]

1. e4 e5 2. Nc3 Nf6 3. f4 exf4 4. d4 Bb4 5. Bxf4 Bxc3+ 6. bxc3 Nxe4 7. Qe2 d5
8. c4 O-O 9. Nf3 Re8 10. Qd1 Nc3+ 11. Be2 Nxd1 12. Rxd1 Qe7 13. Rd2 dxc4 14.
Bg5 Qe4 15. Ne5 f6 16. Be3 fxe5 17. d5 Qxe3 18. a4 Bf5 19. Rf1 c3 20. Rd1 Bg4
21. Rf2 Rf8 22. Rd2 Qxd2+ 23. Kf1 Rxf2+ 24. Kxf2 Qxe2+ 25. Kg3 g5 26. a5 h5 27.
h4 Qe3+ 28. Kh2 Nd7 29. d6 cxd6 30. a6 bxa6 31. g3 Rb8 32. Kg2 Qe2+ 33. Kg1
Rb1# 0-1

[Event "Sparkassen-Open J"]
[Site "Heusenstamm, Martinsee"]
[Date "2019.11.23"]
[Round "4.21"]
[White "Angrick, Carl-Friedrich"]
[Black "Neininger, Pascal"]
[Result "0-1"]
[WhiteElo "1146"]
[BlackElo "862"]
[PlyCount "154"]
[EventDate "2019.??.??"]
[WhiteTeam "MSA Zugzwang"]
[BlackTeam "SV Oberursel"]

1. e4 d5 2. f3 Nc6 3. d4 dxe4 4. fxe4 Nxd4 5. Bc4 Nc6 6. Qxd8+ Nxd8 7. Nf3 g6
8. Nc3 Bg7 9. Bd2 Nf6 10. O-O O-O 11. Nb5 Bg4 12. Be2 Nxe4 13. Bc1 Ne6 14. Bd3
N6c5 15. Nxc7 Rac8 16. Nb5 a6 17. Na3 Bxf3 18. Rxf3 Bd4+ 19. Kf1 Nxd3 20. Rxd3
Bg7 21. Re3 Ng5 22. Rxe7 Ne6 23. Rxb7 Rfd8 24. Be3 Rb8 25. Rb6 Rxb6 26. Bxb6
Rb8 27. Nc4 Bxb2 28. Rb1 Bd4 29. Rb3 Bxb6 30. Rxb6 Rxb6 31. Nxb6 Kg7 32. Na4
Kf6 33. Kf2 h5 34. Nb2 g5 35. Nd3 Nd4 36. c3 Nb5 37. c4 Nd4 38. Nb4 a5 39. Nd3
Kg6 40. Nc5 f5 41. Nb3 Nxb3 42. axb3 Kf6 43. Ke3 Ke6 44. Kd4 Kd6 45. c5+ Kc6
46. Kc4 f4 47. Kd4 g4 48. Ke4 g3 49. h3 Kxc5 50. Kxf4 Kb4 51. Kxg3 Kxb3 52. Kh4
a4 53. Kxh5 a3 54. g4 a2 55. h4 a1=Q 56. g5 Qh8+ 57. Kg4 Kc4 58. g6 Qh6 59. h5
Kd5 60. Kh4 Ke5 61. Kg4 Kf6 62. Kh4 Kf5 63. Kg3 Qxh5 64. g7 Qg5+ 65. Kf3 Qxg7
66. Ke3 Qg4 67. Kd3 Ke5 68. Kc3 Kd5 69. Kd3 Qg3+ 70. Kd2 Qf3 71. Kc2 Qe3 72.
Kb2 Qd3 73. Kc1 Qe2 74. Kb1 Qd2 75. Ka1 Kc4 76. Kb1 Kb3 77. Ka1 Qa2# 0-1

[Event "Sparkassen-Open J"]
[Site "Heusenstamm, Martinsee"]
[Date "2019.11.23"]
[Round "4.22"]
[White "Henzelmann, Matthias"]
[Black "Scheerer, Amelie"]
[Result "1-0"]
[WhiteElo "843"]
[BlackElo "1050"]
[PlyCount "35"]
[EventDate "2019.??.??"]
[WhiteTeam "SK Gießen"]
[BlackTeam "SV Ffm-Griesheim"]

1. e4 e5 2. Nf3 Nc6 3. Bc4 Bc5 4. O-O Nf6 5. Nc3 d6 6. d3 Bg4 7. h3 Bh5 8. Bg5
h6 9. Bh4 g5 10. Bg3 Nd4 11. Nb5 Nxf3+ 12. gxf3 Qd7 13. Kh2 d5 14. exd5 Nxd5
15. Bxe5 f6 16. Bg3 Qf5 17. Bxd5 Qxd5 18. Nxc7+ 1-0

[Event "Sparkassen-Open J"]
[Site "Heusenstamm, Martinsee"]
[Date "2019.11.23"]
[Round "4.23"]
[White "Rempe, Lennik"]
[Black "Yang, Sophie"]
[Result "1-0"]
[WhiteElo "1167"]
[BlackElo "849"]
[PlyCount "41"]
[EventDate "2019.??.??"]
[WhiteTeam "SK Doppelbauer Kiel"]
[BlackTeam "SK Mannheim-Lindenhof"]

1. e4 e6 2. d4 d5 3. exd5 exd5 4. Nf3 Nc6 5. Be2 Nf6 6. O-O Be7 7. h3 O-O 8.
Nc3 Bd7 9. Re1 Re8 10. Bg5 Ne4 11. Bxe7 Qxe7 12. Nxd5 Qh4 13. Nxh4 Rac8 14. Bf3
Ng5 15. Rxe8+ Rxe8 16. Nxc7 Re7 17. Qd2 Ne6 18. Re1 g5 19. Nf5 Nxc7 20. Nxe7+
Nxe7 21. Rxe7 1-0

[Event "Sparkassen-Open J"]
[Site "Heusenstamm, Martinsee"]
[Date "2019.11.23"]
[Round "4.24"]
[White "Sadri, Adrian"]
[Black "Glavev, Danail"]
[Result "1-0"]
[WhiteElo "1243"]
[BlackElo "829"]
[PlyCount "159"]
[EventDate "2019.??.??"]
[WhiteTeam "SC Bad Soden"]
[BlackTeam "SV Oberursel"]

1. e4 e5 2. Nf3 Nc6 3. Bc4 Bc5 4. c3 Nf6 5. d4 exd4 6. cxd4 Bb4+ 7. Bd2 Bxd2+
8. Nbxd2 d5 9. exd5 Nxd5 10. O-O O-O 11. Nb3 Nf6 12. Re1 a6 13. Bd3 b5 14. Bc2
Bb7 15. Qd3 g6 16. Nc5 Rb8 17. a4 Na7 18. axb5 Nxb5 19. Nxb7 Rxb7 20. Rxa6 Nd6
21. Ne5 Rxb2 22. Nc6 Qd7 23. Ba4 Qf5 24. Ne7+ Kg7 25. Nxf5+ Nxf5 26. Qc4 Ne7
27. Rxe7 Rb1+ 28. Qf1 Rxf1+ 29. Kxf1 Rd8 30. Bb3 Rf8 31. Ra7 Ne8 32. d5 Nd6 33.
Raxc7 h5 34. Red7 Ne4 35. d6 Nd2+ 36. Ke1 Nxb3 37. Re7 Nd4 38. d7 Ne6 39. Rc6
Rd8 40. h3 Kf6 41. Re8 Rxd7 42. g4 hxg4 43. hxg4 Kg5 44. f3 Kf4 45. Kf2 Rd2+
46. Ke1 Ra2 47. Kd1 Kxf3 48. Rc2 Ra1+ 49. Kd2 Kxg4 50. Rc4+ Kg5 51. Rc1 Ra2+
52. Rc2 Ra4 53. Kc3 Nd4 54. Rg2+ Kh6 55. Rh8+ Kg7 56. Rh4 Nf3 57. Rxa4 Ne1 58.
Re2 Nf3 59. Re7 g5 60. Rg4 Kg6 61. Kd3 f6 62. Ke4 f5+ 63. Kxf3 fxg4+ 64. Kxg4
Kf6 65. Ra7 Kg6 66. Ra6+ Kf7 67. Kxg5 Ke7 68. Rh6 Kf7 69. Rg6 Ke7 70. Rf6 Kd7
71. Kf5 Ke7 72. Rh6 Kd7 73. Ke5 Kc7 74. Kd5 Kb7 75. Kc5 Ka7 76. Kb5 Kb7 77.
Rh7+ Kb8 78. Kc6 Ka8 79. Kb6 Kb8 80. Rh8# 1-0

[Event "Sparkassen-Open J"]
[Site "Heusenstamm, Martinsee"]
[Date "2019.11.23"]
[Round "4.25"]
[White "Spelleken, Mark"]
[Black "Heidtkamp, Anna"]
[Result "1-0"]
[WhiteElo "961"]
[BlackElo "788"]
[PlyCount "91"]
[EventDate "2019.??.??"]
[WhiteTeam "SC Kahl"]
[BlackTeam "Düsseldorfer SV"]

1. d4 d5 2. Bf4 Nc6 3. Nf3 Nf6 4. Nc3 Bf5 5. g3 e6 6. a3 Bd6 7. Qd2 O-O 8. Bg2
Re8 9. O-O Nh5 10. Bxd6 Qxd6 11. Rfe1 e5 12. e4 dxe4 13. Nxe4 exd4 14. Nxd6
cxd6 15. Nxd4 Nxd4 16. Qxd4 Bxc2 17. Rxe8+ Rxe8 18. Qxd6 Nf6 19. Bf1 Re6 20.
Qb8+ Re8 21. Qxb7 Be4 22. Qb5 Re6 23. g4 Bc6 24. Qb4 Re4 25. Qb8+ Re8 26. Qc7
Ba4 27. g5 Nd5 28. Qc4 Nb6 29. Qb4 Bc6 30. Bb5 Rc8 31. Bxc6 Rxc6 32. Qe7 h6 33.
Qe8+ Kh7 34. Qxc6 hxg5 35. Re1 Kh8 36. Qc2 Nd5 37. Qb1 Nf6 38. Kg2 a5 39. Kg3
a4 40. h4 gxh4+ 41. Kxh4 g6 42. Kg5 Nh7+ 43. Kh6 Nf6 44. Qc2 g5 45. Qc8+ Ne8
46. Rxe8# 1-0

[Event "Sparkassen-Open J"]
[Site "Heusenstamm, Martinsee"]
[Date "2019.11.23"]
[Round "4.26"]
[White "Ramien, Eva"]
[Black "Gärtner, David"]
[Result "1-0"]
[WhiteElo "798"]
[BlackElo "958"]
[PlyCount "41"]
[EventDate "2019.??.??"]
[WhiteTeam "SG Porz"]
[BlackTeam "SF Heidesheim"]

1. e4 c5 2. Nf3 Nc6 3. Bb5 Nf6 4. Nc3 g6 5. Bxc6 bxc6 6. e5 Nd5 7. Na4 d6 8.
exd6 exd6 9. Qe2+ Qe7 10. Qxe7+ Bxe7 11. O-O O-O 12. d3 Bg4 13. Ng5 h6 14. Ne4
f5 15. Bxh6 Rf7 16. Ng5 Bf6 17. c4 Nf4 18. Rfe1 Bd8 19. h3 Bh5 20. Re8+ Rf8 21.
Rxf8# 1-0